Franchises de la NBA - Statistiques

Statistiques générales
  • Ce quiz a été pris 11 027 fois
    10 299 depuis la dernière actualisation
  • Le résultat moyen est 20 sur 30
Statistiques - réponses
Conférence Division Franchise % Correct
Ouest Pacifique Lakers de Los Angeles
96%
Ouest Sud-Ouest Spurs de San Antonio
93%
Est Atlantique Celtics de Boston
85%
Est Centrale Bulls de Chicago
84%
Est Sud-Est Heat de Miami
79%
Ouest Pacifique Warriors de Golden State
79%
Est Atlantique Knicks de New York
77%
Ouest Pacifique Clippers de Los Angeles
75%
Ouest Nord-Ouest Nuggets de Denver
71%
Est Atlantique Nets de Brooklyn
69%
Ouest Nord-Ouest Thunder d'Oklahoma City
68%
Est Sud-Est Hornets de Charlotte
67%
Est Atlantique Raptors de Toronto
67%
Ouest Sud-Ouest Rockets de Houston
66%
Est Centrale Pistons de Détroit
65%
Est Centrale Bucks de Milwaukee
64%
Ouest Nord-Ouest Timberwolves du Minnesota
64%
Ouest Sud-Ouest Mavericks de Dallas
63%
Est Atlantique 76ers de Philadelphie
62%
Ouest Nord-Ouest Jazz de l'Utah
62%
Est Sud-Est Wizards de Washington
62%
Est Centrale Cavaliers de Cleveland
61%
Est Sud-Est Magic d'Orlando
61%
Ouest Pacifique Suns de Phoenix
61%
Ouest Pacfique Kings de Sacramento
60%
Est Sud-Est Hawks d'Atlanta
59%
Est Centrale Pacers de l'Indiana
58%
Ouest Sud-Ouest Grizzlies de Memphis
55%
Ouest Sud-Ouest Pelicans de La Nouvelle-Orléans
55%
Ouest Nord-Ouest Trail Blazers de Portland
50%
Aucun quiz correspondant
Distribution des résultats
% des personnes avec chaque résultat
Percentile par nombre de réponses
Votre historique - résultats
Vous n’avez pas pris ce quiz depuis la dernière actualisation